| 000 | 00653nam a2200229 a 4500 | ||
|---|---|---|---|
| 008 | |||
| 020 | _a0198551487 (pbk.) | ||
| 049 | _aMAIN | ||
| 090 | 0 | 1 |
_aQD453.2 _bATK |
| 100 | 1 | _aAtkins, P. W. | |
| 245 | 1 | 0 |
_aPhysical chemistry / _cPeter Atkins. |
| 260 |
_aOxford : _bOxford University Press, _cc1978. |
||
| 300 |
_axv, 1018 p. : _bill. ; _c25 cm. |
||
| 500 | _aIncludes index. | ||
| 504 | _aIncludes bibliographical references. | ||
| 650 | 0 |
_aChemistry _x Physical. |
|
| 907 |
_a.b10220367 _b13-09-16 _c21-11-06 |
||
| 003 | |||
| 005 | 20230123134306.0 | ||
| 040 | _cNUST | ||
| 942 |
_cBOOKS _kQD453.2 _mATK |
||
| 999 |
_c163373 _d163373 |
||